000 00534nam a2200133Ia 4500
008 100328s9999 xx 000 0 und d
082 _b9862
100 _aजागीरदार प्र.ज.
245 _aनागरिकशास्त्र व नागरिक जीवन
260 _bठाकूर आणि कं.
630 _aनागरिकशास्त्र व नागरिक जीवन
730 _aनागरिकशास्त्र व नागरिक जीवन
942 _cBOOK
999 _c505423
_d505420